| 000 | 01140nam a2200313 i 4500 | ||
|---|---|---|---|
| 001 | 36592 | ||
| 003 | ES-MaACL | ||
| 005 | 20250905123705.0 | ||
| 007 | t| | ||
| 008 | 030218s1987 mx a |||| | spa d | ||
| 020 | _a968-16-0774-0 | ||
| 100 | 1 |
_aBraudel, Fernand. _931403 |
|
| 245 | 1 | 3 |
_aEl Mediterráneo y el mundo mediterráneo en la época de Felipe II / _cFernand Braudel ; traducción de Mario Monteforte Toledo, Wenceslao Roces y Vicente Simón. |
| 250 | _a2ª ed., 2ª reimp. | ||
| 260 |
_aMéxico : _bFondo de Cultura Económica, _c1987. |
||
| 300 |
_a2 v. : _bil. ; _c22 cm. |
||
| 490 | 1 | _aSección de obras de historia | |
| 500 | _aÍndices. | ||
| 504 | _aBibliografía. | ||
| 650 | 4 |
_aHistoria económica- _yS.XVI. _9165470 |
|
| 651 | 4 |
_aMediterráneo (Región)- _xHistoria- _y1517-1789. _9165471 |
|
| 651 | 4 |
_aEspaña- _xHistoria- _y1556-1598, Felipe II. _98218 |
|
| 700 | 1 |
_aMonteforte Toledo, Mario. _982425 |
|
| 700 | 1 |
_aRoces, Wenceslao, _d1897-1992 _998039 |
|
| 700 | 1 |
_aSimón, Vicente. _9106537 |
|
| 830 | 0 |
_aSección de obras de historia _9179403 |
|
| 852 |
_aES-MaACL _jL-11773-74 |
||
| 999 |
_c36592 _d36592 |
||